LEADER 00939nam a2200217 i 4500 001 000000207523 003 CaOOAMICUS 005 20240930081243.0 008 111031s1842 it u000 u ita u 013 $a186301 040 $aSeMil$bita 100 1 $aNota, Alberto.$0(OLS)http://semarc/name/11317 245 10$aVol. 7. 300 $a367 p. 500 $aContiene: La donna irrequieta ; Lo sposo di provincia ; Il prigioniero e l'incognita ; La creola della Luigiana 500 $aManca la coperta 773 0 $aNota, Alberto$tTeatro comico di Alberto Nota.$dTorino : Pomba e C. ; Cuneo : Galimberti, 1842-1843.$b[Edizione compiuta e corretta dall'autore].$kCollezione completa di tutte le opere teatrali di Alberto Nota$g7$w()25680 850 $aSeMil 852 $aSeMil$W1$xVenegono$y1$m1N VI 33 FA$j157982$B157982$CSeMilBibl$Z2$F169246 $8I 996 $6245$aVol. 7$9(OLS)http://semarc/title/111144 LEADER 01085nam a2200265 i 4500 001 000000086938 003 CaOOAMICUS 005 20180830150015.0 008 180830s1950 xx u000 u und u 013 $a59178 020 $a88-17- 040 $aSeMil$bita 100 0 $aSophocles,$d<496-406 a.C.>.$0(OLS)http://semarc/name/30 245 13$aIl mito di Edipo. Edipo re - Edipo a Colono - Antigone. 260 $aMilano :$bRizzoli,$c1950. 300 $a278 p. 490 0 $aBiblioteca Universale Rizzoli 650 4$aTeatro antico - Testi.$0(OLS)http://semarc/subject/1215 650 4$aLetteratura greca antica - Tragedie.$0(OLS)http://semarc/subject/11768 830 0$aBiblioteca Universale Rizzoli.$0(OLS)http://semarc/title/7348 850 $aSeMil 852 $aSeMil$W1$xVenegono$y1$m78 12 279 *$j50551$B50551$CSeMilBibl$Z2$F54537 $81 996 $6020$a88-17-$9(OLS)http://semarc/number/67043 996 $6245$aIl mito di Edipo. Edipo re - Edipo a Colono - Antigone$9(OLS)http://semarc/title/133120 996 $6260$aMilano :$bRizzoli$9(OLS)http://semarc/publisher/29824